<?xml version="1.0" encoding="UTF-8"?>
<record
    xmlns:xsi="http://www.w3.org/2001/XMLSchema-instance"
    xsi:schemaLocation="http://www.loc.gov/MARC21/slim http://www.loc.gov/standards/marcxml/schema/MARC21slim.xsd"
    xmlns="http://www.loc.gov/MARC21/slim">

  <leader>00295nam a22001097a 4500</leader>
  <datafield tag="040" ind1=" " ind2=" ">
    <subfield code="c">sy</subfield>
  </datafield>
  <datafield tag="082" ind1=" " ind2=" ">
    <subfield code="a">330</subfield>
  </datafield>
  <datafield tag="100" ind1=" " ind2=" ">
    <subfield code="a">&#x17AF;&#x1780; &#x179F;&#x17BB;&#x1797;&#x17B6;&#x1796;</subfield>
  </datafield>
  <datafield tag="245" ind1=" " ind2=" ">
    <subfield code="a">&#x1794;&#x1791;&#x178A;&#x17D2;&#x178B;&#x17B6;&#x1793; &#x1793;&#x17B7;&#x1784;&#x1785;&#x17D2;&#x1794;&#x17B6;&#x1794;&#x17CB;&#x1793;&#x17C3;&#x1795;&#x179B;&#x17B7;&#x178F;&#x1795;&#x179B;&#x1780;&#x179F;&#x17B7;&#x1780;&#x1798;&#x17D2;&#x1798;</subfield>
  </datafield>
  <datafield tag="260" ind1=" " ind2=" ">
    <subfield code="a">RUA</subfield>
    <subfield code="b">&#x17AF;&#x1780;</subfield>
    <subfield code="c">2011</subfield>
  </datafield>
  <datafield tag="942" ind1=" " ind2=" ">
    <subfield code="c">KB</subfield>
  </datafield>
  <datafield tag="999" ind1=" " ind2=" ">
    <subfield code="c">8495</subfield>
    <subfield code="d">8495</subfield>
  </datafield>
  <datafield tag="952" ind1=" " ind2=" ">
    <subfield code="0">0</subfield>
    <subfield code="1">0</subfield>
    <subfield code="4">0</subfield>
    <subfield code="6">330_000000000000000_&#x17AF;&#x1780;_2011_C193</subfield>
    <subfield code="7">0</subfield>
    <subfield code="9">48592</subfield>
    <subfield code="a">LBC</subfield>
    <subfield code="b">LBC</subfield>
    <subfield code="c">C193</subfield>
    <subfield code="d">2016-08-03</subfield>
    <subfield code="o">330 &#x17AF;&#x1780; 2011 C193</subfield>
    <subfield code="p">RUA062620</subfield>
    <subfield code="r">2016-08-03</subfield>
    <subfield code="y">KB</subfield>
  </datafield>
  <datafield tag="952" ind1=" " ind2=" ">
    <subfield code="0">0</subfield>
    <subfield code="1">0</subfield>
    <subfield code="4">0</subfield>
    <subfield code="6">330_000000000000000_&#x17AF;&#x1780;_2011_C197</subfield>
    <subfield code="7">0</subfield>
    <subfield code="9">51656</subfield>
    <subfield code="a">LBC</subfield>
    <subfield code="b">LBC</subfield>
    <subfield code="c">C197</subfield>
    <subfield code="d">2016-09-05</subfield>
    <subfield code="o">330 &#x17AF;&#x1780; 2011 C197</subfield>
    <subfield code="p">RUA042956</subfield>
    <subfield code="r">2016-09-05</subfield>
    <subfield code="y">KB</subfield>
  </datafield>
</record>
